000
00278nam a2200109Ia 4500
008
220120s9999||||xx |||||||||||||| ||und||
100
_a
Sachdeva, S.K
245
0
_a
Ever latest general knowledge 2008
260
_a
CSR Publication
_c
2008
300
_b
0
650
_a
CONTROL SYSTEM
999
_c
136813
_d
136813